[Event "4NCL Division Two"]
[Site "Telford, ENG"]
[Date "2024.02.11"]
[EventDate "2024.02.11"]
[Round "6.11"]
[White "Slaby, Jerzy"]
[WhiteTitle "IM"]
[WhiteElo "2470"]
[WhiteTeam "The Sharks 2"]
[Black "Li, Henry"]
[BlackTitle "FM"]
[BlackElo "2358"]
[BlackTeam "Gonzaga"]
[Result "1/2-1/2"]

1. Nf3 Nf6 2. c4 g6 3. b4 Bg7 4. Bb2 O-O 5. e3 d6 6. d4 e5 7. dxe5 Ng4 8. Be2
a5 9. b5 Nd7 10. Nc3 Ndxe5 11. h3 Nxf3+ 12. gxf3 Nxf2 13. Kxf2 Qh4+ 14. Kg2
Qg5+ 15. Kf2 Qh4+ 16. Kg2 Qg5+ 17. Kf2 Qg3+ 18. Kf1 1/2-1/2

[Event "4NCL Division Two"]
[Site "Telford, ENG"]
[Date "2024.02.11"]
[EventDate "2024.02.11"]
[Round "6.12"]
[White "Wall, Gavin"]
[WhiteTitle "IM"]
[WhiteElo "2274"]
[WhiteTeam "Gonzaga"]
[Black "Hryshchenko, Kamila"]
[BlackElo "2274"]
[BlackTeam "The Sharks 2"]
[Result "1-0"]

1. e4 d6 2. d4 g6 3. h4 h5 4. Bg5 Bg7 5. Nc3 Nc6 6. Bb5 a6 7. Bxc6+ bxc6 8. Qd2
Rb8 9. O-O-O Be6 10. Nge2 Qc8 11. Rhe1 Qb7 12. b3 Qb4 13. Kb1 Bc4 14. e5 a5 15.
Nc1 Be6 16. Qd3 Bf5 17. Qe3 d5 18. Kb2 a4 19. a3 Qa5 20. Nd3 Bxd3 21. Qxd3 e6
22. b4 Bf8 23. Ka2 Qa7 24. Rb1 Be7 25. Ne2 Bxg5 26. hxg5 Ne7 27. f3 h4 28. Rh1
Kd7 29. Nf4 Nf5 30. Rbd1 Qb7 31. c4 dxc4 32. Qxc4 Rhd8 33. Rd2 Qb5 34. Rc1 Kc8
35. Qxc6 Qxc6 36. Rxc6 Nxd4 37. Rc4 Nf5 38. Rxd8+ Kxd8 39. Nd3 Rb5 40. Nc5 Ke8
41. Kb2 Kd8 42. Kc3 c6 43. Re4 Kc7 44. Re1 Ne7 45. Rh1 Nf5 46. Rd1 Kc8 47. Re1
Ne7 48. Re4 Nf5 49. Nxa4 Ng3 50. Re1 Nh5 51. Nc5 Nf4 52. Rh1 Nxg2 53. a4 Rb6
54. Nd3 Ne3 55. Rxh4 Kd7 56. Rh8 Ke7 57. a5 Rb7 58. Rc8 Nd5+ 59. Kc4 Kd7 60.
Ra8 Ke7 61. Ra6 Rc7 62. Nc5 Ne3+ 63. Kb3 Nf5 64. Rb6 Nd4+ 65. Kc3 Nb5+ 66. Kc4
Na3+ 67. Kb3 Nb5 68. a6 Na7 69. Ne4 Kd8 70. Nd6 Kd7 71. Nxf7 Nc8 72. Rb7 Na7
73. Nh8 1-0

[Event "4NCL Division Two"]
[Site "Telford, ENG"]
[Date "2024.02.11"]
[EventDate "2024.02.11"]
[Round "6.13"]
[White "Foisor, Mihaela-Veronica"]
[WhiteTitle "WIM"]
[WhiteElo "2195"]
[WhiteTeam "The Sharks 2"]
[Black "Menzies, Colin"]
[BlackTitle "FM"]
[BlackElo "2201"]
[BlackTeam "Gonzaga"]
[Result "1/2-1/2"]

1. c4 d6 2. Nc3 g6 3. g3 Bg7 4. Bg2 Nc6 5. d3 Bd7 6. e4 Nf6 7. Nge2 O-O 8. O-O
e5 9. f4 exf4 10. Bxf4 Qc8 11. Qd2 Ne5 12. Bg5 Neg4 13. h3 h6 14. Bh4 g5 15.
hxg4 Nh7 16. Nd5 Qd8 17. Bxg5 Nxg5 18. Ne3 c6 19. Nf5 Bxf5 20. gxf5 Qb6+ 21. d4
Bf6 22. b4 Rfe8 23. Rf4 a5 24. c5 dxc5 25. bxc5 Qa6 26. e5 Rad8 27. Qc2 Nh7 28.
Rb1 Bg5 29. Re4 a4 30. Rb6 Qa5 31. Qc3 Qxc3 32. Nxc3 Rxd4 33. Rxb7 Rxe4 34.
Nxe4 Be3+ 35. Kh2 Rxe5 36. Nd6 Ng5 37. Rb8+ Kh7 38. Re8 Rxe8 39. Nxe8 Bxc5 40.
Bxc6 a3 1/2-1/2

[Event "4NCL Division Two"]
[Site "Telford, ENG"]
[Date "2024.02.11"]
[EventDate "2024.02.11"]
[Round "6.14"]
[White "Thorarinsson, Pall A."]
[WhiteTitle "FM"]
[WhiteElo "2197"]
[WhiteTeam "Gonzaga"]
[Black "Bremner, Adam"]
[BlackTitle "CM"]
[BlackElo "2289"]
[BlackTeam "The Sharks 2"]
[Result "1/2-1/2"]

1. Nf3 d5 2. c4 e6 3. g3 Nf6 4. Bg2 Be7 5. O-O O-O 6. b3 b6 7. Bb2 Bb7 8. cxd5
exd5 9. d4 Nbd7 10. Nc3 c5 11. Rc1 Rc8 12. dxc5 bxc5 13. Nh4 Nb6 14. Nf5 Re8
15. Qd2 Bf8 16. Qg5 Kh8 17. Rfd1 Ba8 18. Nxd5 Nbxd5 19. Bxd5 Bxd5 20. Rxd5 Qxd5
21. Bxf6 gxf6 22. Qxf6+ Kg8 23. Rc4 Re4 24. Qg5+ Kh8 25. Qf6+ Kg8 26. Rxe4 Qxe4
27. Qg5+ Kh8 28. Qf6+ Kg8 29. Qg5+ Kh8 30. Qf6+ Kg8 31. Qg5+ 1/2-1/2

[Event "4NCL Division Two"]
[Site "Telford, ENG"]
[Date "2024.02.11"]
[EventDate "2024.02.11"]
[Round "6.15"]
[White "Price, Gwilym"]
[WhiteElo "2267"]
[WhiteTeam "The Sharks 2"]
[Black "Freeman, Gordon"]
[BlackTitle "FM"]
[BlackElo "2208"]
[BlackTeam "Gonzaga"]
[Result "1-0"]

1. e4 c5 2. Nf3 a6 3. c4 e6 4. d4 cxd4 5. Nxd4 Nf6 6. Nc3 Qc7 7. Be2 Nc6 8. O-O
Nxd4 9. Qxd4 Bd6 10. g3 Bc5 11. Qd3 d6 12. Kg2 Bd7 13. a3 Rd8 14. b4 Ba7 15.
Bf4 e5 16. Bg5 Be6 17. Bxf6 gxf6 18. Nd5 Bxd5 19. cxd5 Qb6 20. Bg4 h5 21. Bf5
h4 22. h3 Qd4 23. Qxd4 Bxd4 24. Rac1 a5 25. Rc7 axb4 26. axb4 hxg3 27. fxg3 O-O
28. Rxb7 Ra8 29. h4 Ra2+ 30. Kh3 Rfa8 31. Rc1 Bf2 32. Rcc7 R2a3 33. Rxf7 Rxg3+
34. Kh2 Be1 35. Be6 Ra2+ 36. Kh1 Ra8 37. Rh7+ 1-0

[Event "4NCL Division Two"]
[Site "Telford, ENG"]
[Date "2024.02.11"]
[EventDate "2024.02.11"]
[Round "6.16"]
[White "Bourached, Anthony"]
[WhiteElo "2155"]
[WhiteTeam "Gonzaga"]
[Black "Varnam, Liam D"]
[BlackElo "2118"]
[BlackTeam "The Sharks 2"]
[Result "0-1"]

1. e4 c5 2. c3 d5 3. exd5 Qxd5 4. d4 Nf6 5. Nf3 e6 6. a3 Be7 7. Be3 b6 8. Bb5+
Bd7 9. c4 Qb7 10. dxc5 bxc5 11. Nc3 a6 12. Bxd7+ Nbxd7 13. Rb1 O-O 14. O-O Rfd8
15. Qe2 a5 16. b3 Ne4 17. Nb5 a4 18. b4 cxb4 19. axb4 a3 20. Qa2 Ra4 21. Rb3
Bxb4 22. Rfb1 Ndc5 23. Bxc5 Nxc5 24. Re3 Qe7 25. Nfd4 Nb7 26. Qc2 Rda8 27. Rh3
h6 28. Qa2 Bc5 29. Nc6 Qe8 30. Ne5 Qd8 31. Rf3 f6 32. Rd3 Qa5 33. Rd7 fxe5 34.
Rxb7 Rb4 35. Rd1 Rb2 36. Qa1 Rxf2 37. Kh1 Raf8 38. h3 Qa8 39. Rdd7 Rf1+ 40. Kh2
Qxb7 41. Qxf1 Rxf1 42. Rxb7 a2 0-1

[Event "4NCL Division Two"]
[Site "Telford, ENG"]
[Date "2024.02.11"]
[EventDate "2024.02.11"]
[Round "6.17"]
[White "Birtwistle, Nigel"]
[WhiteElo "2134"]
[WhiteTeam "The Sharks 2"]
[Black "Scott, Luke"]
[BlackElo "1821"]
[BlackTeam "Gonzaga"]
[Result "0-1"]

1. Nf3 Nf6 2. c4 c5 3. Nc3 d5 4. cxd5 Nxd5 5. d4 Nxc3 6. bxc3 g6 7. e3 Bg7 8.
Be2 O-O 9. O-O Nc6 10. Rb1 Qc7 11. Ba3 cxd4 12. cxd4 Rd8 13. Qb3 e5 14. dxe5
Nxe5 15. Nd4 a6 16. Rfc1 Qd7 17. h3 b5 18. Rd1 Qe8 19. Rbc1 Bb7 20. Rc7 Bd5 21.
Qb1 Bf6 22. e4 Bc4 23. Qc2 Bxe2 24. Nxe2 Rxd1+ 25. Qxd1 Nc4 26. Bc5 Rd8 27. Qb3
Qe5 28. Rc6 Na5 29. Bd4 Rxd4 0-1

[Event "4NCL Division Two"]
[Site "Telford, ENG"]
[Date "2024.02.11"]
[EventDate "2024.02.11"]
[Round "6.18"]
[White "Mykhnenko, Marijka"]
[WhiteElo "1397"]
[WhiteTeam "Gonzaga"]
[Black "McCarthy, Kevin C"]
[BlackElo "2016"]
[BlackTeam "The Sharks 2"]
[Result "0-1"]

1. e4 e6 2. d4 d5 3. exd5 exd5 4. Nc3 c6 5. Nf3 Bd6 6. Be3 Nf6 7. Bd3 Bg4 8.
Qd2 Nbd7 9. O-O-O Qc7 10. h3 Bh5 11. Rde1 O-O-O 12. Ng5 Rdf8 13. Nf3 Bg6 14.
Bxg6 hxg6 15. Rhg1 Nh5 16. Ne2 Nb6 17. g3 Nc4 18. Qc3 Re8 19. Bd2 Nf6 20. Ng5
a5 21. a3 b5 22. Bf4 b4 23. axb4 axb4 24. Qb3 Qa5 25. Kd1 Qa1+ 26. Bc1 Kc7 27.
Nxf7 Ne4 28. Rgf1 Rhf8 29. Nxd6 Nexd6 30. Qxb4 Rb8 31. Qc3 Ne4 32. Qd3 Nxb2#
0-1

[Event "4NCL Division Two"]
[Site "Telford, ENG"]
[Date "2024.02.11"]
[EventDate "2024.02.11"]
[Round "6.21"]
[White "Nagpal, Vardaan"]
[WhiteTitle "IM"]
[WhiteElo "2326"]
[WhiteTeam "SchachAttack"]
[Black "Rees, Ioan"]
[BlackTitle "FM"]
[BlackElo "2266"]
[BlackTeam "The Audible Checks"]
[Result "1/2-1/2"]

1. d4 d5 2. c4 c6 3. Nf3 Nf6 4. g3 Bg4 5. Ne5 h5 6. f3 Bc8 7. Nc3 h4 8. g4 e6
9. cxd5 cxd5 10. e4 Nc6 11. Bb5 Bd7 12. Nxd7 Qxd7 13. e5 Ng8 14. Be3 Bb4 15.
Rc1 Nge7 16. f4 a6 17. Bd3 Na5 18. O-O Nc4 19. Bxc4 dxc4 20. Ne4 Nd5 21. Qf3 b5
22. f5 O-O-O 23. Bf2 Kb8 24. a3 Be7 25. a4 exf5 26. gxf5 g5 27. Kh1 Rhg8 28.
Rg1 f6 29. axb5 axb5 30. Ra1 Qb7 31. Nc3 b4 32. Nxd5 Qxd5 33. Qxd5 Rxd5 34.
Rge1 Rc8 35. Ra6 Rf8 36. Rea1 fxe5 37. Ra8+ Kc7 38. R1a7+ Kd6 39. Ra6+ Kc7 40.
R6a7+ Kd6 41. Ra6+ Kd7 42. R6a7+ 1/2-1/2

[Event "4NCL Division Two"]
[Site "Telford, ENG"]
[Date "2024.02.11"]
[EventDate "2024.02.11"]
[Round "6.22"]
[White "Jones, Steven A"]
[WhiteElo "2230"]
[WhiteTeam "The Audible Checks"]
[Black "Alizada, Eldar"]
[BlackElo "2127"]
[BlackTeam "SchachAttack"]
[Result "1-0"]

1. e4 e6 2. d4 d5 3. Nc3 dxe4 4. Nxe4 Nd7 5. Nf3 Ngf6 6. Bg5 Be7 7. Nxf6+ Nxf6
8. Bd3 O-O 9. Qe2 c5 10. dxc5 Qa5+ 11. c3 Qxc5 12. O-O-O Rd8 13. Bxf6 Bxf6 14.
Bxh7+ Kxh7 15. Rxd8 Bxd8 16. Qd3+ Qf5 17. Qxd8 f6 18. Rd1 e5 19. Qe8 Qf4+ 20.
Rd2 b6 21. Qh5+ Kg8 22. Qe8+ Kh7 23. Qc6 Rb8 24. g3 Qh6 25. Qe4+ Kh8 26. Nxe5
fxe5 27. Qxe5 Rb7 28. Qe8+ Kh7 29. Qxc8 Re7 30. Qf5+ Kg8 31. f4 Re8 32. Kc2 1-0

[Event "4NCL Division Two"]
[Site "Telford, ENG"]
[Date "2024.02.11"]
[EventDate "2024.02.11"]
[Round "6.23"]
[White "Hng, Mei-En Emmanuelle"]
[WhiteTitle "WFM"]
[WhiteElo "2141"]
[WhiteTeam "SchachAttack"]
[Black "Blackburn, Jonathan L B"]
[BlackTitle "FM"]
[BlackElo "2178"]
[BlackTeam "The Audible Checks"]
[Result "0-1"]

1. Nf3 Nf6 2. c4 g6 3. d4 Bg7 4. Nc3 O-O 5. e4 d6 6. h3 e5 7. dxe5 dxe5 8. Be3
Qe7 9. Qc2 Rd8 10. Be2 Nc6 11. Nd5 Nxd5 12. cxd5 Nd4 13. Bxd4 exd4 14. O-O c6
15. Bc4 b5 16. Bd3 cxd5 17. e5 Bd7 18. Rfe1 Rdc8 19. Qd2 a5 20. a3 b4 21. Nxd4
bxa3 22. bxa3 Qc5 23. Bf1 Qc3 24. Qxc3 Rxc3 25. a4 Re8 26. Nf3 Bxh3 27. gxh3
Rxf3 28. Bg2 Rd3 29. Rad1 Rxe5 30. Rxd3 Rxe1+ 31. Bf1 d4 32. Ra3 Bf8 33. Ra2
Rd1 34. Kg2 d3 35. Rb2 Bb4 36. Rb3 d2 37. Rd3 Re1 0-1

[Event "4NCL Division Two"]
[Site "Telford, ENG"]
[Date "2024.02.11"]
[EventDate "2024.02.11"]
[Round "6.24"]
[White "Saunders, Aron"]
[WhiteElo "2083"]
[WhiteTeam "The Audible Checks"]
[Black "Foo, Zhi Rong Benjamin"]
[BlackTitle "CM"]
[BlackElo "2207"]
[BlackTeam "SchachAttack"]
[Result "1/2-1/2"]

1. e4 e5 2. Nf3 Nc6 3. Bc4 Nf6 4. d3 Bc5 5. c3 O-O 6. O-O d5 7. exd5 Nxd5 8.
Nbd2 Nb6 9. Bb5 Bd6 10. Ne4 f5 11. Ng3 h6 12. Re1 Re8 13. a4 a6 14. Bxc6 bxc6
15. a5 Nd5 16. Qa4 Bd7 17. Qh4 Re7 18. Qh5 Nf6 19. Qg6 Be8 20. Qxf5 Bd7 21. Qg6
Be8 22. Qf5 1/2-1/2

[Event "4NCL Division Two"]
[Site "Telford, ENG"]
[Date "2024.02.11"]
[EventDate "2024.02.11"]
[Round "6.25"]
[White "Handley, Michael R"]
[WhiteElo "2093"]
[WhiteTeam "SchachAttack"]
[Black "Hng, Mei-Xian Eunice"]
[BlackTitle "WFM"]
[BlackElo "2083"]
[BlackTeam "The Audible Checks"]
[Result "1-0"]

1. d4 Nf6 2. c4 e6 3. Nf3 c5 4. d5 exd5 5. cxd5 d6 6. Nc3 g6 7. h3 Bg7 8. e4
O-O 9. Bd3 Nbd7 10. O-O a6 11. a4 Re8 12. Re1 Qc7 13. Bf4 Nh5 14. Bh2 Ne5 15.
Be2 Qe7 16. Nxe5 Bxe5 17. Bxh5 Bxh2+ 18. Kxh2 Qe5+ 19. Kh1 gxh5 20. Qd2 Kh8 21.
Qh6 Rg8 22. f4 Qg7 23. Qxg7+ Rxg7 24. e5 dxe5 25. fxe5 Bf5 26. Rad1 Rag8 27.
Rd2 c4 28. Rf2 Bd3 29. d6 Rd8 30. a5 Kg8 31. Nd5 Rg5 32. Nf6+ Kg7 33. Re3 h4
34. Rf4 Bg6 35. Rxc4 Rxe5 36. Rxe5 Kxf6 37. Rd5 Ke6 38. Rcd4 Rd7 39. Rd2 Bf5
40. R5d4 Bg6 41. Kg1 Ke5 42. Kf2 Be4 43. Ke3 f5 44. Rc4 Rxd6 45. Rxd6 Kxd6 46.
Kf2 Kd7 47. Rb4 Kc6 48. Rb6+ Kc5 49. Rh6 Kb5 50. Rxh7 Kxa5 51. Rxh4 Kb5 52.
Rxe4 fxe4 53. h4 Kc4 54. h5 Kd3 55. Ke1 1-0

[Event "4NCL Division Two"]
[Site "Telford, ENG"]
[Date "2024.02.11"]
[EventDate "2024.02.11"]
[Round "6.26"]
[White "Bullen, Alex"]
[WhiteTitle "CM"]
[WhiteElo "2147"]
[WhiteTeam "The Audible Checks"]
[Black "Shepherd, Tom"]
[BlackElo "2080"]
[BlackTeam "SchachAttack"]
[Result "1/2-1/2"]

1. d4 d5 2. Nf3 Nf6 3. c4 e6 4. cxd5 exd5 5. Nc3 c6 6. Bg5 h6 7. Bf4 Bf5 8. e3
Bd6 9. Bxd6 Qxd6 10. Bd3 Bxd3 11. Qxd3 Nbd7 12. O-O O-O 13. b4 b5 14. Rab1 a5
15. a3 Nb6 16. Ne1 Nc4 17. Nc2 a4 18. f3 Rfe8 19. Rbe1 Re7 20. Ne2 Rae8 21. Ng3
g6 22. Re2 h5 23. e4 dxe4 24. Nxe4 Nxe4 25. fxe4 Qe6 26. Qf3 Nd6 27. Rfe1 Qb3
28. Qxb3 axb3 29. Na1 b2 30. Rxb2 Rxe4 31. Rxe4 Rxe4 32. Nb3 Nc4 33. Ra2 Kf8
34. a4 bxa4 35. Rxa4 Nb2 36. Ra8+ Kg7 37. Kf2 Nd3+ 38. Kf3 Re1 39. Rb8 Rb1 40.
Na5 Nxb4 41. Rb6 Ra1 42. Nxc6 Nxc6 43. Rxc6 Ra2 44. h4 Rd2 45. Rd6 Kf8 46. g3
Ke7 47. Rd5 Ke6 48. Rd8 Ke7 49. Rd5 Ke6 50. Re5+ Kd6 51. Ke3 Rg2 52. Kf3 Rd2
53. Ke3 Rg2 54. Rg5 Rg1 55. Kf2 Rd1 56. Ke3 Rg1 57. Kf2 1/2-1/2

[Event "4NCL Division Two"]
[Site "Telford, ENG"]
[Date "2024.02.11"]
[EventDate "2024.02.11"]
[Round "6.27"]
[White "Skettos, Nicolas"]
[WhiteElo "2052"]
[WhiteTeam "SchachAttack"]
[Black "Freeland, Alex"]
[BlackElo "2087"]
[BlackTeam "The Audible Checks"]
[Result "0-1"]

1. e4 e6 2. d4 d5 3. Nc3 Nf6 4. Bg5 Bb4 5. e5 h6 6. Bc1 Ne4 7. Qg4 g6 8. a3
Bxc3+ 9. bxc3 c5 10. Ne2 cxd4 11. cxd4 Nc6 12. c3 Qa5 13. Qh3 f6 14. exf6 e5
15. Qe3 exd4 16. Nxd4 Qxc3+ 17. Qxc3 Nxc3 18. Nb5 Nxb5 19. Bxb5 a6 20. Bxc6+
bxc6 21. Bb2 Kf7 22. O-O-O Be6 23. Be5 c5 24. Kd2 d4 25. Rb1 Bd5 26. f3 Rhe8
27. Rhe1 Re6 28. Re2 Rae8 29. f4 Bc6 30. g3 c4 31. Ree1 Rd8 32. Rb4 c3+ 33. Kc2
d3+ 34. Kxc3 d2 35. Rd1 Bf3 36. Rbb1 Rc6+ 37. Kb3 Rb6+ 38. Kc2 Rxb1 0-1

[Event "4NCL Division Two"]
[Site "Telford, ENG"]
[Date "2024.02.11"]
[EventDate "2024.02.11"]
[Round "6.28"]
[White "Taylor, William J"]
[WhiteElo "2099"]
[WhiteTeam "The Audible Checks"]
[Black "Burrows, Nick"]
[BlackElo "2041"]
[BlackTeam "SchachAttack"]
[Result "1/2-1/2"]

1. e4 c6 2. d4 d5 3. exd5 cxd5 4. Bd3 Nc6 5. c3 Qc7 6. h3 Nf6 7. Nf3 g6 8. O-O
Bf5 9. Re1 Bxd3 10. Qxd3 Bg7 11. Be3 O-O 12. Nbd2 Rfe8 13. Rad1 a6 14. g3 Rac8
15. Kg2 b5 16. Bf4 Qb7 17. a3 Na5 18. Ne5 Nc4 1/2-1/2

[Event "4NCL Division Two"]
[Site "Telford, ENG"]
[Date "2024.02.11"]
[EventDate "2024.02.11"]
[Round "6.31"]
[White "Baker, Chris W"]
[WhiteTitle "IM"]
[WhiteElo "2284"]
[WhiteTeam "Warwickshire Select 1"]
[Black "Richardson, John R"]
[BlackTitle "FM"]
[BlackElo "2277"]
[BlackTeam "The ADs"]
[Result "1/2-1/2"]

1. e4 c6 2. Nc3 d5 3. Nf3 dxe4 4. Ng5 Nf6 5. Bc4 e6 6. Ngxe4 Nbd7 7. d4 Nb6 8.
Be2 Be7 9. O-O O-O 10. Bf4 Nbd5 11. Nxf6+ Bxf6 12. Nxd5 1/2-1/2

[Event "4NCL Division Two"]
[Site "Telford, ENG"]
[Date "2024.02.11"]
[EventDate "2024.02.11"]
[Round "6.32"]
[White "Roe, Simon J"]
[WhiteElo "2260"]
[WhiteTeam "The ADs"]
[Black "Pitcher, John"]
[BlackElo "2315"]
[BlackTeam "Warwickshire Select 1"]
[Result "1-0"]

1. c4 c6 2. Nf3 d5 3. e3 Nf6 4. Nc3 a6 5. Qc2 g6 6. d4 Bg7 7. Bd3 O-O 8. O-O
Nbd7 9. b3 Re8 10. Bb2 b6 11. Rad1 Bb7 12. Rfe1 Qc7 13. e4 dxe4 14. Nxe4 Nxe4
15. Bxe4 e6 16. Ne5 Rad8 17. c5 b5 18. Bf3 Nf6 19. h4 Nd5 20. Bc1 Qe7 21. h5 f6
22. Nd3 g5 23. a3 Qf7 24. g3 Re7 25. Re2 Ree8 26. Bd2 Ne7 27. Bc3 Nd5 28. Ba5
Rd7 29. Rde1 f5 30. Ne5 Bxe5 31. Rxe5 Nf6 32. h6 g4 33. Bg2 Rde7 34. Qd2 Qg6
35. a4 Kf7 36. Bc3 Ng8 37. d5 cxd5 38. axb5 axb5 39. c6 Bxc6 40. Bb4 Rb7 41.
Qc2 Rb6 42. Qc5 Ra6 43. Rxe6 Qxe6 44. Rxe6 Kxe6 45. Qd6+ Kf7 46. Bxd5+ Bxd5 47.
Qxd5+ Ree6 48. Qxf5+ Nf6 49. Bc3 Kf8 50. Bxf6 Rxf6 51. Qxg4 Rxh6 52. Qc8+ Kg7
53. Qb7+ Kg8 54. Qxb5 Rhf6 55. b4 h6 56. Qd5+ Kg7 57. Kg2 Rad6 58. Qc5 Kf7 59.
b5 Kg7 60. Kh3 Kf7 61. f4 Ke7 62. b6 1-0

[Event "4NCL Division Two"]
[Site "Telford, ENG"]
[Date "2024.02.11"]
[EventDate "2024.02.11"]
[Round "6.33"]
[White "Bowcott-Terry, Finlay"]
[WhiteElo "2298"]
[WhiteTeam "Warwickshire Select 1"]
[Black "Banerjee, Supratit"]
[BlackElo "2244"]
[BlackTeam "The ADs"]
[Result "1-0"]

1. e4 e6 2. d4 d5 3. Nc3 dxe4 4. Nxe4 Nd7 5. Nf3 Ngf6 6. Ng3 c5 7. c3 cxd4 8.
Nxd4 Bc5 9. Be2 O-O 10. O-O Nb6 11. Nb3 Be7 12. Bd3 Bd7 13. Be3 Nbd5 14. Bd2
Qc7 15. Qf3 Rad8 16. Rad1 Bc6 17. Nd4 Nb4 18. Nxc6 Rxd3 19. Nxe7+ Qxe7 20. Qe2
Rfd8 21. Bg5 Rxd1 22. Rxd1 Rxd1+ 23. Qxd1 Nbd5 24. c4 h6 25. Bc1 Nb4 26. a3 Nc6
27. Be3 Qc7 28. b4 Ne5 29. Bf4 g5 30. Bxe5 Qxe5 31. Qc1 Qd4 32. h3 Nd7 33. Nf1
Ne5 34. c5 Ng6 35. Qe3 Qd5 36. Ng3 Nf4 37. Ne4 Qd1+ 38. Kh2 Ne2 39. f3 Nf4 40.
Qd2 Qa1 41. b5 Nd5 42. c6 bxc6 43. bxc6 Qe5+ 44. Kh1 Kg7 45. Qc1 f5 46. Nc5 Nf4
47. c7 Qxc7 48. g3 Qc6 49. Qc3+ Kf7 50. gxf4 gxf4 51. Kg2 Qd5 52. Nd3 Qa2+ 53.
Nf2 Kg6 54. Qa5 Kh5 55. Qxa7 e5 56. Qc5 Qg8+ 57. Kf1 Qe6 58. Nd3 Qb3 59. Ne1
Kh4 60. Qxe5 Kg3 61. Qc5 Qa4 62. Qf2+ Kxh3 63. Kg1 Qxa3 64. Qh2# 1-0

[Event "4NCL Division Two"]
[Site "Telford, ENG"]
[Date "2024.02.11"]
[EventDate "2024.02.11"]
[Round "6.34"]
[White "Wafa, Shrook"]
[WhiteTitle "WGM"]
[WhiteElo "2115"]
[WhiteTeam "The ADs"]
[Black "Larsen, Pelle O."]
[BlackElo "2198"]
[BlackTeam "Warwickshire Select 1"]
[Result "1/2-1/2"]

1. e4 e6 2. d4 d5 3. Nc3 Nc6 4. exd5 exd5 5. Nf3 Bb4 6. Be2 Nge7 7. O-O Bf5 8.
a3 Bxc3 9. bxc3 Na5 10. Rb1 O-O 11. Bf4 c6 12. h3 Nc8 13. Bd3 Bg6 14. Ne5 Nd6
15. Nxg6 hxg6 16. Re1 Qd7 17. Qg4 Rfd8 18. Qg3 Nac4 19. a4 Re8 20. f3 b6 21. h4
Rxe1+ 22. Rxe1 Re8 23. Rxe8+ Nxe8 24. Qg5 Nf6 25. Be5 Qe6 26. Kf2 Nb2 27. g4
Kf8 28. Qc1 Nxd3+ 29. cxd3 Nd7 30. Qa3+ Kg8 31. Bf4 f6 32. a5 b5 33. a6 Nb6 34.
Qd6 Qxd6 35. Bxd6 Nd7 36. Ke3 Kf7 37. Bb4 Ke6 38. Kf4 Nb8 39. Bc5 Nxa6 40. Bxa7
b4 41. cxb4 Nxb4 42. Ke3 Na6 1/2-1/2

[Event "4NCL Division Two"]
[Site "Telford, ENG"]
[Date "2024.02.11"]
[EventDate "2024.02.11"]
[Round "6.35"]
[White "Shearsby, Jude"]
[WhiteElo "2171"]
[WhiteTeam "Warwickshire Select 1"]
[Black "Snape, Ian L"]
[BlackElo "2159"]
[BlackTeam "The ADs"]
[Result "1-0"]

1. e4 c5 2. Nf3 d6 3. d4 Nf6 4. Nc3 cxd4 5. Nxd4 g6 6. Be3 Bg7 7. f3 O-O 8. Qd2
Nc6 9. Bc4 Bd7 10. O-O-O Rb8 11. Bb3 Na5 12. Bh6 Bxh6 13. Qxh6 b5 14. Nd5 e6
15. Nxf6+ Qxf6 16. h4 Qg7 17. Qd2 Nc4 18. Qd3 Rfc8 19. h5 a5 20. hxg6 hxg6 21.
Bxc4 bxc4 22. Qc3 a4 23. Rh4 e5 24. Ne2 Qf6 25. Rdh1 Kf8 26. f4 Ke7 27. Rh7
exf4 28. Qxf6+ Kxf6 29. Nxf4 Be6 30. Ne2 a3 31. bxa3 Ra8 32. Rf1+ Ke5 33. Nc3
Rxa3 34. Kd2 Rb8 35. Rhh1 Kd4 36. Rf3 Ke5 37. Rg3 Rb7 38. Rf1 Bc8 39. Rg5+ Ke6
40. Nd5 Rxa2 41. Rf6+ Kd7 42. Rxf7+ Ke8 43. Rxb7 Bxb7 44. Rxg6 Bxd5 45. exd5
Ra5 46. Rxd6 Ke7 47. Re6+ Kf7 48. Re5 Kf6 49. Rh5 Ra3 50. c3 Ra2+ 51. Ke3 Rxg2
52. Kd4 Rg4+ 53. Kc5 Ke7 54. Rh7+ Kf6 55. d6 Ke5 56. d7 Rg8 57. Re7+ 1-0

[Event "4NCL Division Two"]
[Site "Telford, ENG"]
[Date "2024.02.11"]
[EventDate "2024.02.11"]
[Round "6.36"]
[White "Baltrunas, Evaldas"]
[WhiteElo "2130"]
[WhiteTeam "The ADs"]
[Black "Valdepenas Octavio, Javier"]
[BlackElo "2216"]
[BlackTeam "Warwickshire Select 1"]
[Result "0-1"]

1. Nf3 d5 2. e3 Nf6 3. c4 e6 4. Nc3 Be7 5. b3 O-O 6. Bb2 b6 7. cxd5 exd5 8. d4
Bb7 9. Bd3 Re8 10. O-O Nbd7 11. Rc1 a6 12. Ne2 Bd6 13. Ng3 g6 14. Qc2 Qe7 15.
Ne5 Rac8 16. f4 c5 17. Qe2 b5 18. dxc5 Rxc5 19. Rxc5 Bxc5 20. Bd4 Nxe5 21. Bxe5
Qd8 22. Rc1 Nd7 23. b4 Bb6 24. Qf3 Nxe5 25. fxe5 Rxe5 26. Nf1 Qe7 27. Qf4 Rxe3
0-1

[Event "4NCL Division Two"]
[Site "Telford, ENG"]
[Date "2024.02.11"]
[EventDate "2024.02.11"]
[Round "6.37"]
[White "Dicen, Elis Denele"]
[WhiteElo "2100"]
[WhiteTeam "Warwickshire Select 1"]
[Black "Duggan, John E"]
[BlackElo "2118"]
[BlackTeam "The ADs"]
[Result "1/2-1/2"]

1. d4 e6 2. Nc3 b6 3. e4 Bb7 4. Bd3 Nf6 5. Bg5 h6 6. Bh4 Be7 7. Qe2 d6 8. Nf3
Nbd7 9. O-O-O a6 10. Rhe1 b5 11. e5 Nd5 12. Nxd5 Bxd5 13. Bxe7 Qxe7 14. Kb1 Nb6
15. Nd2 Qd7 16. c3 Qc6 17. f4 O-O-O 18. Rc1 Nc4 19. b3 Nxd2+ 20. Qxd2 dxe5 21.
fxe5 Qb6 22. Rf1 Rd7 23. Rf2 Rf8 24. Qb2 f5 25. exf6 Rxf6 26. Rcf1 Rdf7 27.
Rxf6 Rxf6 28. Rxf6 gxf6 29. Qf2 Qc6 30. Kb2 f5 31. g3 Be4 32. Bf1 Qe8 33. Be2
Qg6 34. h4 Kd7 35. Qf4 Bc6 36. Qe5 Bg2 37. c4 c6 38. c5 Bd5 39. a4 Kc8 40. axb5
axb5 41. b4 Kb7 1/2-1/2

[Event "4NCL Division Two"]
[Site "Telford, ENG"]
[Date "2024.02.11"]
[EventDate "2024.02.11"]
[Round "6.38"]
[White "Santhosh, Abhyuday"]
[WhiteElo "2167"]
[WhiteTeam "The ADs"]
[Black "Shephard, Chris C W"]
[BlackElo "2162"]
[BlackTeam "Warwickshire Select 1"]
[Result "1-0"]

1. e4 c6 2. d4 g6 3. Nc3 d5 4. e5 h5 5. h3 Nh6 6. Nf3 Bg7 7. Bf4 Qb6 8. Na4
Qa5+ 9. c3 Qd8 10. Qd2 b6 11. Bd3 Bd7 12. b3 Qc8 13. Nh4 Nf5 14. Nxf5 Bxf5 15.
Nb2 Bxd3 16. Nxd3 Qf5 17. O-O-O Nd7 18. Rde1 Nf8 19. Kb2 Ne6 20. Be3 h4 21. Nf4
O-O-O 22. Nd3 Kb7 23. Rhf1 Rdf8 24. Rc1 Nc7 25. f4 Rc8 26. Rc2 Bf8 27. Rb1 e6
28. c4 dxc4 29. bxc4 Be7 30. Ka1 Rhd8 31. Rb3 Qe4 32. Rcb2 Rxd4 33. Bxd4 Qxd4
34. Qf2 Rd8 35. Qxd4 Rxd4 36. Rc2 Na6 37. Kb2 Kc7 38. Kc3 Re4 39. Rb1 Re3 40.
Kd4 Rg3 41. Ke4 Nb8 42. Rf1 Nd7 43. Rf3 Rxf3 44. Kxf3 a5 45. Nf2 Kd8 46. Ne4
Ke8 47. Rb2 Bb4 48. Kg4 Nc5 49. Nxc5 Bxc5 50. Kxh4 a4 51. Kg4 Kf8 52. Kf3 Kg7
53. Ke4 Kh6 54. g4 Kg7 55. Rb1 Kf8 56. h4 Kg7 57. Rd1 b5 58. Rd7 b4 59. Rc7 b3
60. axb3 axb3 61. Rb7 Bf2 62. Rxb3 Bxh4 63. Kf3 Be7 64. Rb6 c5 65. Rc6 Bf8 66.
Rc7 Kg8 67. Ke4 Kg7 68. g5 1-0

[Event "4NCL Division Two"]
[Site "Telford, ENG"]
[Date "2024.02.11"]
[EventDate "2024.02.11"]
[Round "6.41"]
[White "Korshunov, Sergey And."]
[WhiteElo "2245"]
[WhiteTeam "Anglian Avengers"]
[Black "Buckley, Graeme N"]
[BlackTitle "IM"]
[BlackElo "2332"]
[BlackTeam "CSC/Kingston 1"]
[Result "1-0"]

1. d4 Nf6 2. c4 e6 3. Nc3 Bb4 4. e3 b6 5. Bd3 Bb7 6. Nf3 O-O 7. O-O d5 8. a3
Bxc3 9. bxc3 dxc4 10. Bxc4 Nbd7 11. Bb2 c5 12. Bd3 Qc7 13. Re1 Rad8 14. e4 e5
15. d5 c4 16. Bc2 Ne8 17. a4 Nd6 18. Ba3 f6 19. a5 Nc5 20. axb6 axb6 21. Qe2
Ra8 22. Qe3 Rfc8 23. Nd2 Ra7 24. Bb4 Rca8 25. Rxa7 Rxa7 26. f4 Ra2 27. Bb1 Ra1
28. fxe5 fxe5 29. Rf1 h6 30. Qg3 Nf7 31. Nf3 Rxb1 32. Rxb1 Nxe4 33. Qg6 Bxd5
34. Rf1 b5 35. h3 Nf6 36. Nh4 Be4 37. Nf5 Bxf5 38. Qxf5 Nd5 39. Ra1 Qc6 40. Qe4
Nxb4 41. Ra8+ Nd8 42. Rxd8+ Kf7 43. Qf5+ 1-0